| 000 | 00841nam a2200253 a 4500 | ||
|---|---|---|---|
| 001 | 000044383 | ||
| 003 | DO-SdBNP | ||
| 005 | 20171017140805.0 | ||
| 007 | 000044383 | ||
| 008 | 140626s1997 dr a 000 0 spa d | ||
| 040 |
_aBPMSU _bspa _cBPMSU |
||
| 082 |
_aRD863.44 _bC764p |
||
| 100 | 1 | _aContreras, Brunilda | |
| 245 | 1 | 0 |
_aCuentos infantiles : _bpor la ruta de los soles / _cBrunilda Contreras ; ilustración Manuel González. |
| 260 |
_aSanto Domingo : _bEdiciones Infantiles Dominicanas, _c1997. |
||
| 300 |
_a66 P. : _bil. ; _c27 cm. |
||
| 650 | _aCUENTOS INFANTILES DOMINICANO | ||
| 650 | _aLITERATURA INFANTIL DOMINICANA | ||
| 700 |
_aGonzález, Manuel. _eil. |
||
| 942 |
_2ddc _cBK |
||
| 945 | _aInventariado infantil / 2017 VM | ||
| 956 |
_aVMATEO _b10 _c20150420 _lBPMSU _h00151 |
||
| 956 | _aValidado. Control de calidad MFF | ||
| 999 |
_c7667 _d7667 |
||